[Event "Floripa Chess Open 2024"]
[Site "Florianopolis"]
[Date "2024.01.25"]
[Round "7.140"]
[White "Da Silva, Kauan Salvagni Tele"]
[Black "Pessoa, Marcio De Souza"]
[Result "1-0"]
[WhiteElo "1517"]
[BlackElo "1846"]
[PlyCount "85"]
[EventDate "2024.01.20"]
[EventRounds "10"]
[EventCountry "BRA"]

1. d4 d5 2. c4 c6 3. cxd5 cxd5 4. Nc3 Nf6 5. Bf4 Nc6 6. e3 a6 7. Bd3 Bg4 8. f3
Bh5 9. Qb3 Na5 10. Qa4+ Nc6 11. Qb3 Na5 12. Qa4+ Nc6 13. Nge2 e6 14. O-O Bg6
$146 ({RR} 14... Bd6 15. Qb3 Na5 16. Qa4+ Nc6 17. Rac1 O-O 18. a3 Bg6 19. Bxg6
hxg6 20. Qc2 Rc8 21. Bg5 Be7 22. Qd1 Na5 23. e4 Nc4 24. Rc2 Nxe4 25. fxe4 Bxg5
{0-1 (25) Cruz Mendez,J (2018)-Martin Carmona,G (2326) chess.com INT 2021}) 15.
e4 Be7 16. Rac1 O-O 17. Be3 b5 18. Qd1 Rc8 19. e5 Nd7 20. f4 Nb6 21. g4 Nc4 22.
Bxc4 dxc4 23. f5 exf5 24. gxf5 Bh5 25. Qe1 Bh4 26. Qd2 Bxe2 27. Nxe2 a5 28. Nc3
Rb8 29. Qg2 Nb4 30. f6 g6 31. Qh3 g5 32. Bxg5 Bxg5 33. Rf5 Kh8 34. Rxg5 Qxd4+
35. Kh1 Qd3 36. Rg3 Qd2 37. Rd1 Qf4 38. Rg7 h6 39. Rf1 Qd2 40. Qf5 Qd3 41. Ne4
Qxf1+ 42. Qxf1 Rg8 43. Rxf7 1-0

[Event "Floripa Chess Open 2024"]
[Site "Florianopolis"]
[Date "2024.01.25"]
[Round "7.143"]
[White "Paiva, Gaston"]
[Black "Godinho, Bruno Cesar Ferreir"]
[Result "1/2-1/2"]
[WhiteElo "1472"]
[BlackElo "1802"]
[PlyCount "71"]
[EventDate "2024.01.20"]
[EventRounds "10"]
[EventCountry "BRA"]

1. d4 Nf6 2. c4 g6 3. Nc3 d5 4. cxd5 Nxd5 5. e4 Nxc3 6. bxc3 Bg7 7. Bc4 c5 8.
Ne2 O-O 9. O-O Nc6 10. Be3 cxd4 11. cxd4 Bg4 12. f3 Bd7 13. Rc1 Rc8 ({RR} 13...
b5 14. Bxb5 Nxd4 15. Bxd7 Nxe2+ 16. Qxe2 Qxd7 17. Rfd1 Qb7 18. Rb1 Qc6 19. Rdc1
Qd7 20. Qb5 Rfd8 21. Qxd7 Rxd7 22. Rd1 Rxd1+ 23. Rxd1 a5 24. Rd7 e6 25. Ra7
Rxa7 26. Bxa7 Kf8 27. Kf2 Ke7 28. Ke2 {Krush,I (2429)-Muzychuk,M (2544) chess.
com INT 2020 1/2-1/2 (33)}) 14. d5 ({RR} 14. Qd2 Na5 15. Bd3 Re8 16. Rxc8 Bxc8
17. Rc1 b6 18. Qc2 Bb7 19. Qc7 Qc8 20. Bb5 Qxc7 21. Rxc7 Rc8 22. Rxe7 Rc2 23.
Re8+ Bf8 24. Bh6 Rc8 25. Rxc8 Bxc8 26. Bxf8 Kxf8 27. Kf2 Ke7 28. Ke3 a6 {
Rocha,M (1800)-Romais,R (1652) Cuiaba MT 2021 1-0 (39)}) 14... Ne5 $146 ({RR} 
14... Na5 15. Bd3 a6 16. Qd2 b5 17. Nd4 Nb7 18. Rxc8 Bxc8 19. Rc1 e6 20. Nc6
Qd7 21. Bf1 Re8 22. Bg5 f6 23. Bf4 e5 24. Be3 Bf8 25. a4 Nd6 26. axb5 Nxb5 27.
Bxb5 axb5 28. Qa5 Qb7 29. Bc5 {Taggatz,M (2250)-Skok,J (2125) Bled 1997 1/2-1/
2 (60)}) 15. Qb3 Qa5 16. Nd4 Nxc4 17. Rxc4 Bxd4 18. Bxd4 Rxc4 19. Qxc4 Bb5 20.
Qc5 Re8 21. Rb1 a6 22. a3 Qd2 23. Qb4 Qxb4 24. Rxb4 Rc8 25. a4 Rc4 26. Rxc4
Bxc4 27. a5 Kf8 28. Bb6 Ke8 29. Kf2 Kd7 30. Ke3 e6 31. Kd4 Bb5 32. dxe6+ Kxe6
33. f4 Bc6 34. g3 f6 35. h4 h6 36. Bc5 1/2-1/2

[Event "Floripa Chess Open 2024"]
[Site "Florianopolis"]
[Date "2024.01.25"]
[Round "7.144"]
[White "Cavalcante, Rodrigo Moreira"]
[Black "Guerreiro, Heitor Koffermann"]
[Result "1-0"]
[WhiteElo "1801"]
[BlackElo "1467"]
[PlyCount "101"]
[EventDate "2024.01.20"]
[EventRounds "10"]
[EventCountry "BRA"]

1. e4 e5 2. Nf3 Nc6 3. Bb5 Nf6 4. O-O d6 5. Re1 a6 6. Ba4 b5 7. Bb3 Be7 8. c3
O-O 9. h3 Na5 10. Bc2 c5 11. d4 Nc6 12. d5 Nb8 13. Nbd2 Nbd7 14. Nf1 Re8 ({RR} 
14... g6 15. g4 Ne8 16. Ng3 Ng7 17. a4 Rb8 18. axb5 axb5 19. b4 cxb4 20. cxb4
Nb6 21. Bd3 Nc4 22. Qe2 f5 23. exf5 gxf5 24. Bh6 fxg4 25. Qe4 Bf5 26. Nxf5 Nxf5
27. Bxf8 Qxf8 28. hxg4 Qg7 29. Qxf5 {Marin,S (2258)-Tatarinov,D (2310) chess.
com INT 2023 1-0 (38)}) 15. Ng3 Nf8 ({RR} 15... g6 16. Bh6 Bf8 17. Qd2 Qe7 18.
Nh2 Nb6 19. b3 a5 20. Bxf8 Qxf8 21. Qg5 Qg7 22. Qe3 Bd7 23. Rf1 Re7 24. Nf3 b4
25. Nd2 Bb5 26. Bd3 Be8 27. Be2 h5 28. h4 Rea7 29. Rfc1 Nfxd5 30. exd5 {
Meneses Domingos,J (2034)-Cavalcante,R (1919) Brazil 2010 1-0 (45)}) 16. a4
$146 ({RR} 16. Nh2 Ng6 17. Ng4 Nxg4 18. hxg4 Bg5 19. Nf5 Bxc1 20. Rxc1 Qg5 21.
g3 Bxf5 22. exf5 Ne7 23. Kg2 h5 24. f3 g6 25. Rh1 Kg7 26. gxh5 Rh8 27. fxg6
fxg6 28. Be4 gxh5 29. Rh4 Raf8 30. Qc2 Rh6 {Hodova,L (2059)-Havlik,J (2151)
Plzen 2003 1/2-1/2 (45)}) ({RR} 16. Nh2 Ng6 17. Qf3 Nh4 18. Qe2 Bd7 19. Nf3 Ng6
20. Be3 Bf8 21. b3 a5 22. a4 bxa4 23. bxa4 Qc7 24. Bd3 Reb8 25. Bb5 Be7 26. c4
Bd8 27. Rac1 Ra7 28. Nd2 Qc8 29. Rb1 Raa8 30. Bxd7 Nxd7 {Sztokbant,B (2227)
-Dias,J (1973) Sao Paulo 2014 1-0 (48)}) 16... Bd7 17. Be3 bxa4 18. Bxa4 Bxa4
19. Rxa4 N8d7 20. Qe2 a5 21. Rea1 Nb6 22. R4a2 Qc7 23. Nd2 Nfd7 24. Nc4 Nxc4
25. Qxc4 Reb8 26. Nf5 Bf8 27. Bc1 Nb6 28. Qe2 h6 29. Ne3 Be7 30. Nf5 Bf8 31.
Qg4 Kh7 32. f4 Nc4 33. fxe5 Nxe5 34. Qe2 Qd8 35. Bf4 g6 36. Ne3 Qh4 37. Bxe5
dxe5 38. Nc4 Rb7 39. Rxa5 Rxa5 40. Rxa5 Qf4 41. Ra8 Bg7 42. Ra5 Bf8 43. Ra1 h5
44. Rf1 Qg5 45. Qf3 Bg7 46. Rf2 Qc1+ 47. Kh2 Qb1 48. Qe3 Ra7 49. Na3 Qa2 50.
Qxc5 Rd7 51. Qc6 1-0

[Event "Floripa Chess Open 2024"]
[Site "Florianopolis"]
[Date "2024.01.25"]
[Round "7.145"]
[White "Milkievicz Da Rocha, Mateus"]
[Black "Rodrigues, Julliano De Araujo"]
[Result "1-0"]
[WhiteElo "1468"]
[BlackElo "1779"]
[PlyCount "61"]
[EventDate "2024.01.20"]
[EventRounds "10"]
[EventCountry "BRA"]

1. e4 e5 2. Nf3 Nc6 3. Bc4 Bc5 4. O-O Nf6 5. d3 d6 6. h3 h6 7. c3 a6 8. Be3 ({
RR} 8. Bb3 Ba7 9. Be3 O-O 10. Nbd2 Ne7 11. d4 Ng6 12. Re1 Re8 13. Bc2 Bd7 14.
Nf1 Bc6 15. Ng3 exd4 16. Bxd4 Ne5 17. Bxa7 Rxa7 18. Nd4 Bd7 19. f4 Ng6 20. Qf3
Nh4 21. Qf2 c5 22. e5 cxd4 {Yudin,S (2507)-Van Foreest,J (2614) St Petersburg
RUS 2018 1-0 (32)}) ({RR} 8. Nbd2 O-O 9. a4 a5 10. Nb3 Ba7 11. Re1 Be6 12. Bb5
Ne7 13. Be3 Bxe3 14. fxe3 c6 15. Bc4 Bxc4 16. dxc4 Nxe4 17. c5 Ng6 18. Qd3 d5
19. Rad1 Nf6 20. Qc2 Qe7 21. Qf2 Ne4 22. Qc2 Nxc5 {McLaren,B (2001)-Smirnov,T 
(2368) chess.com INT 2024 1-0 (37)}) ({RR} 8. d4 exd4 9. cxd4 Ba7 10. Re1 O-O
11. Nc3 b5 ({RR} 11... Ne7 12. Be3 c6 ({RR} 12... Ng6 13. e5 Nh5 14. Qd2 dxe5
15. dxe5 Bxe3 16. Qxe3 Nhf4 17. Qe4 Kh8 18. Nd5 Nxd5 19. Bxd5 c6 20. Bxf7 Ne7
21. e6 Qb6 22. b3 Qc7 23. Qe5 Qb6 24. Re4 Bxe6 25. Qxe6 Nd5 26. Ne5) 13. d5
Bxe3 14. Rxe3 b5 15. Bb3 c5 16. a3 Ng6 17. e5 dxe5 18. Nxe5 Nxe5 19. Rxe5 c4
20. Bc2 Bb7 21. Be4 Qd6 22. Qd4 Rfe8 23. f4 Nd7 24. Rxe8+ Rxe8 25. Re1 Nf6 26.
Kf2) ({RR} 11... Re8 12. Bf4 b5 13. Bd5 Nxd5 14. Nxd5 Ne7 15. Nxe7+) 12. Bb3
Na5 13. Bc2 c5 14. Bf4 cxd4 15. Nxd4 Qb6 16. Be3 Nc4 17. Nf5 Nxe3 18. Nxe3 Re8
19. Qd3 Re5 20. f4 Re7 21. Kh1 Bb7 22. Ned5 Bxd5 {Nunes,L (1800)-Rodrigues,J  
(1779) Florianopolis SC 2024 1/2-1/2 (39)}) 8... Bxe3 9. fxe3 b5 $146 ({RR} 
9... O-O 10. Nbd2 Na5 11. Qe2 Nxc4 12. Nxc4 b5 13. Ncd2 Bb7 14. Rad1 Qe7 15.
Rde1 Rad8 16. Rf2 d5 17. exd5 Nxd5 18. d4 exd4 19. exd4 Qxe2 20. Rfxe2 f6 21.
Kf2 c5 22. Nb3 cxd4 23. Nfxd4 Nf4 24. Ne6 {Nunes,T-Campos,R Volta Redonda 2001
1/2-1/2 (57)}) ({RR} 9... O-O 10. Bb3 d5 11. exd5 Nxd5 12. Qe1 Be6 13. d4 exd4
14. exd4 Re8 15. Qg3 Ne3 16. Rf2 Qd7 17. Nbd2 Bxb3 18. Nxb3 b6 19. Nh4 Re6 20.
Re2 Rae8 21. Rae1 Qe7 22. Nd2 Nd8 23. Ndf3 Qf6 24. Rf2 {Gunnarsson,A (2263)
-Bjornsson,S (2297) Strandgotu 2001 1/2-1/2 (60)}) 10. Bb3 O-O 11. Nbd2 Ne7 12.
Nh4 c5 13. Rxf6 gxf6 14. Qh5 c4 15. dxc4 Kh7 16. Rf1 Qb6 17. Rf3 Ng6 18. Nf5
Bxf5 19. exf5 Nf4 20. Qh4 Rg8 21. c5 Qxc5 22. Ne4 Rxg2+ 23. Kf1 Qc6 24. Rxf4
exf4 25. Nxf6+ Kg7 26. Nd5 Rg3 27. exf4 Rg1+ 28. Kxg1 Rg8 29. Qg4+ Kh8 30.
Qxg8+ Kxg8 31. Ne7+ 1-0

[Event "Floripa Chess Open 2024"]
[Site "Florianopolis"]
[Date "2024.01.25"]
[Round "7.146"]
[White "Pereira, Thiago Henrique"]
[Black "Andersson, Cristian De Oliveir"]
[Result "1/2-1/2"]
[WhiteElo "1772"]
[BlackElo "1461"]
[PlyCount "104"]
[EventDate "2024.01.20"]
[EventRounds "10"]
[EventCountry "BRA"]

1. e4 c5 2. Nf3 d6 3. d4 cxd4 4. Nxd4 Nf6 5. Nc3 g6 6. Be2 Bg7 7. Be3 O-O 8. h3
Nc6 9. Qd2 d5 10. Nxc6 ({RR} 10. exd5 Nxd5 11. Nxc6 bxc6 12. Bd4 Bxd4 13. Qxd4
Qb6 14. Qxb6 axb6 15. Nxd5 cxd5 16. O-O e5 17. Rfd1 Be6 18. c3 Rfc8 19. Bb5 Kf8
20. a4 Ke7 21. f3 g5 22. Kf2 h5 23. h4 f6 24. Rh1 g4 {Tomiello,M (2097)
-Litchfield,F (2197) chess.com INT 2023 1-0 (68)}) 10... bxc6 11. exd5 ({RR} 
11. O-O-O Be6 12. exd5 Nxd5 13. Bd4 Qa5 14. Bxg7 Kxg7 15. Nxd5 Qxd2+ 16. Rxd2
Bxd5 17. f3 a5 18. c4 Be6 19. Kc2 Rfd8 20. Rhd1 Rxd2+ 21. Rxd2 g5 22. Kc3 c5
23. Bd3 Rd8 24. Re2 h6 25. Re5 Rc8 {Farago,S (2360)-Arnold,J (2250) Budapest
1995 1/2-1/2 (46)}) 11... cxd5 12. O-O $146 ({RR} 12. Rd1 e6 13. Bh6 Qb6 14.
Bxg7 Kxg7 15. b3 Bd7 16. a4 Rac8 17. Bd3 a6 18. Nb1 Bc6 19. O-O Bb7 20. Qf4 Nd7
21. Rfe1 e5 22. Qd2 f5 23. Bf1 e4 24. Kh1 Nf6 25. f3 Qc5 26. c4 dxc4 {Benova,Z
(1809)-Pribila,G (1677) Bratislava 2004 0-1 (43)}) 12... e5 13. Bc5 Re8 14. Bb5
Bd7 15. Bxd7 Qxd7 16. Rad1 d4 17. Ba3 Qc6 18. Ne2 Rad8 19. c3 Ne4 20. Qd3 h6
21. f3 Ng5 22. h4 Ne6 23. c4 f5 24. b4 e4 25. fxe4 fxe4 26. Qb3 Kh7 27. b5 Qb6
28. Nf4 d3+ 29. Kh1 Nd4 30. Qb1 g5 31. Nxd3 Ne2 32. Nc5 Rxd1 33. Rxd1 Nc3 34.
Qc2 Nxd1 35. Qxd1 Qf6 36. Nd7 Qf4 37. hxg5 Qh4+ 38. Kg1 Qxg5 39. c5 Qe3+ 40.
Kh1 Qxa3 41. Qh5 Qc1+ 42. Kh2 Re7 43. Qf5+ Kh8 44. Nf6 Bxf6 45. Qxf6+ Rg7 46.
Qf8+ Kh7 47. Qf5+ Kg8 48. Qe6+ Kh7 49. Qf5+ Kg8 50. Qe6+ Kh7 51. Qf5+ Rg6 52.
Qf7+ Rg7 1/2-1/2

[Event "Floripa Chess Open 2024"]
[Site "Florianopolis"]
[Date "2024.01.25"]
[Round "7.147"]
[White "Ataide, Gerson Britto"]
[Black "Vitielo, Alecio Elias"]
[Result "0-1"]
[WhiteElo "1463"]
[BlackElo "1768"]
[PlyCount "42"]
[EventDate "2024.01.20"]
[EventRounds "10"]
[EventCountry "BRA"]

1. e4 d5 2. exd5 Nf6 3. Nf3 Bg4 4. Be2 Nxd5 5. d4 e6 6. O-O Be7 7. c4 Nf6 8.
Nc3 O-O 9. Be3 Nc6 ({RR} 9... c6 10. h3 Bf5 11. Nh4 Bg6 12. Nxg6 hxg6 13. Qb3
Nbd7 14. Qxb7 Rb8 15. Qxc6 Rxb2 16. Rab1 Rc2 17. Rfc1 Rxc1+ 18. Rxc1 Qa5 19.
Qa4 Qc7 20. Nb5 Qc6 21. Bf3 Qc8 22. Nxa7 Qc7 23. Nb5 Qb8 24. Qa7 {Shevchenko,K
(2592)-Theodorou,N (2554) chess.com INT 2020 1/2-1/2 (71)}) ({RR} 9... Nbd7 10.
h3 Bh5 11. Qb3 b6 12. Rad1 Qc8 13. g4 Bg6 14. Ne5 Nxe5 15. dxe5 Nd7 16. f4 Bc5
17. Na4 Be4 18. Nxc5 Nxc5 19. Qc3 a5 20. Bxc5 bxc5 21. Qe3 Qb7 22. f5 exf5 23.
gxf5 Bh1 24. Rf2 {Golubev,M (2461)-Novikova,M (1995) chess.com INT 2023 1-0})
10. Rc1 Re8 $146 ({RR} 10... h6 11. a3 a5 12. Qb3 b6 13. Rfd1 Na7 14. d5 exd5
15. Nxd5 Nxd5 16. Rxd5 Qc8 17. Rcd1 Be6 18. R5d2 b5 19. Bxa7 bxc4 20. Bxc4 Bxc4
21. Qxc4 Rxa7 22. Ne5 Bd6 23. Nxf7 Rxf7 24. Rxd6 Qf5 25. Rd8+ {Grassi,E (2205)
-Buthali,D Manila 1992 1-0 (37)}) 11. h3 Bh5 12. Qd2 Bf8 13. Rfd1 Qe7 14. d5
Rad8 15. Qc2 Bg6 16. Qa4 Nb4 17. a3 Na6 18. b4 h6 19. Rd2 exd5 20. Nxd5 Nxd5
21. cxd5 Rd6 0-1

[Event "Floripa Chess Open 2024"]
[Site "Florianopolis"]
[Date "2024.01.25"]
[Round "7.149"]
[White "Ruvieri, Daniel Minami"]
[Black "Machado, Gilmar Dias"]
[Result "1-0"]
[WhiteElo "1437"]
[BlackElo "1764"]
[PlyCount "89"]
[EventDate "2024.01.20"]
[EventRounds "10"]
[EventCountry "BRA"]

1. e4 e5 2. Nf3 Nc6 3. Bb5 a6 4. Ba4 d6 5. c3 Bd7 6. d4 b5 ({RR} 6... f6 7. O-O
g6 8. a3 Nh6 9. b4 Bg7 10. Bb3 Qc8 11. Nbd2 Ne7 12. Bb2 Nf7 13. c4 c5 14. bxc5
dxc5 15. dxc5 O-O 16. Nb1 Bg4 17. h3 Rd8 18. Qe2 Bxf3 19. Qxf3 Nc6 20. Nc3 Nd4
21. Qd1 {Vesselovsky,S (2362)-Lanc,A (2403) Czechia 2009 1/2-1/2}) 7. Bb3 Na5 (
{RR} 7... Be7 8. O-O Nf6 9. Re1 O-O 10. h3 Re8 11. a4 h6 12. Na3 exd4 13. cxd4
Na5 14. Bc2 b4 15. Nb1 c5 16. e5 dxe5 17. dxe5 Nh7 18. Qe2 Be6 19. Nbd2 c4 20.
Ne4 b3 21. Bb1 Nc6 22. Rd1 {Sanchez,R (1966)-Lakshmi,C (1959) chess.com INT
2022 0-1 (50)}) 8. dxe5 Nxb3 9. Qxb3 $146 ({RR} 9. axb3 Bc6 10. Qe2 Be7 11. O-O
b4 12. c4 Bd7 13. exd6 Bxd6 14. e5 Be7 15. Bf4 c5 16. Nbd2 g5 17. Be3 Bf5 18.
Ne1 h5 19. Rd1 Qc8 20. f3 Qc6 21. Nd3 Rd8 22. Nf2 Qg6 23. Nde4 g4 {Tyehimba,B 
(2230)-Mendoza,G Oak Park 1996 1-0 (31)}) 9... Bc6 10. O-O Be7 11. exd6 Qxd6
12. Rd1 Qe6 13. Qxe6 fxe6 14. Nd4 O-O-O 15. Nd2 Bd7 16. b4 Nf6 17. Bb2 c5 18.
bxc5 Bxc5 19. N4b3 Ba7 20. c4 Rhf8 21. cxb5 Ng4 22. Rac1+ Kb8 23. Bd4 Bxd4 24.
Nxd4 Nxf2 25. Rf1 Nd3 26. Rxf8 Rxf8 27. Rb1 axb5 28. Nxb5 Ka8 29. Nf3 Rc8 30.
Nbd4 g6 31. h3 e5 32. Rb3 Rc1+ 33. Kh2 Nf2 34. Nxe5 Be8 35. Re3 h5 36. Re2 Nh1
37. h4 g5 38. hxg5 h4 39. Rc2 Rd1 40. Ndf3 Ng3 41. Nxh4 Nf1+ 42. Kh3 Bb5 43. g6
Ne3 44. g7 Rd8 45. Rf2 1-0

[Event "Floripa Chess Open 2024"]
[Site "Florianopolis"]
[Date "2024.01.25"]
[Round "7.150"]
[White "Franca Junior, Jairo"]
[Black "Cardozo, Camila"]
[Result "1/2-1/2"]
[WhiteElo "1753"]
[BlackElo "1426"]
[PlyCount "77"]
[EventDate "2024.01.20"]
[EventRounds "10"]
[EventCountry "BRA"]

1. e4 e6 2. d4 d5 3. Nc3 Nf6 4. exd5 exd5 5. Nf3 Be7 6. Bd3 O-O ({RR} 6... c6
7. Bf4 Bg4 8. h3 Bh5 9. g4 Bg6 10. Qe2 Nbd7 11. O-O-O O-O 12. h4 Re8 13. h5
Bxd3 14. Qxd3 Nxg4 15. Ng5 Bxg5 16. Ne2 Bxf4+ 17. Nxf4 Nxf2 18. Qf1 Nxd1 19.
Qxd1 Qg5 20. Qd2 Nf6 21. Rf1 {Antoniou,E-Tetenkina,I (2213) Tornelo INT 2023
0-1 (37)}) 7. h3 c6 ({RR} 7... c5 8. dxc5 Nbd7 9. O-O Nxc5 10. Re1 h6 11. Bf4
Be6 12. Nd4 Qb6 13. Rb1 Rfe8 14. Bb5 Red8 15. b4 a6 16. bxc5 Qxc5 17. Na4 Qa3
18. Re3 Qxa2 19. Ra1 Qxa1 20. Qxa1 axb5 21. Nxb5 Bc5 22. Nc7 {Salgado Lopez,I 
(2629)-Demidov,M (2520) Skopje MKD 2018 1-0 (71)}) 8. O-O Nbd7 9. a4 $146 ({RR
} 9. Re1 Re8 10. Bf4 Nf8 11. Ne5 Be6 12. Qf3 Qb6 13. Ne2 N8d7 14. a4 Qd8 15. c3
Nxe5 16. Bxe5 Bd6 17. Bxd6 Qxd6 18. Qf4 Qxf4 19. Nxf4 Bd7 20. a5 h6 21. Kf1 g6
22. h4 Kg7 23. Rxe8 Rxe8 {L'Heureux,C (2004)-Sauve,R (2011) Quebec 2005 1/2-1/2
}) ({RR} 9. Bf4 Re8 10. Re1 Nf8 11. Be5 Ng6 12. Bh2 b6 13. Qd2 Bb7 14. Re2 a6
15. Rae1 c5 16. Be5 Nxe5 17. dxe5 Nd7 18. e6 fxe6 19. Rxe6 c4 20. Bf5 Nc5 21.
R6e2 Ne4 22. Be6+ Kh8 23. Nxe4 dxe4 {Saraci,N (1374)-Roy,A (1878) chess.com
INT 2021 1/2-1/2 (52)}) 9... a5 10. Ne2 Ne4 11. Bf4 Ndf6 12. c3 Be6 13. Qc2 Qc8
14. Ng5 Nxg5 15. Bxg5 h6 16. Bxf6 Bxf6 17. Ng3 c5 18. dxc5 Qxc5 19. Rad1 Rac8
20. Bf5 d4 21. Bxe6 fxe6 22. Ne4 Qf5 23. Nxf6+ Qxf6 24. Rd3 Qe5 25. Qd2 dxc3
26. bxc3 Qc5 27. Re1 Qc6 28. Qe2 Rfe8 29. Re3 Qxa4 30. Rxe6 Rf8 31. Re7 Qb3 32.
Qe5 Rf7 33. Re3 Qb1+ 34. Kh2 Qf5 35. Qxf5 Rxf5 36. Rxb7 Rf7 37. Rxf7 Kxf7 38.
f4 Rc5 39. Re5 1/2-1/2

[Event "Floripa Chess Open 2024"]
[Site "Florianopolis"]
[Date "2024.01.25"]
[Round "7.151"]
[White "Martins, Joao Fernandes"]
[Black "Silver, Fernanda Luise"]
[Result "1/2-1/2"]
[WhiteElo "1426"]
[BlackElo "1749"]
[PlyCount "104"]
[EventDate "2024.01.20"]
[EventRounds "10"]
[EventCountry "BRA"]

1. e4 c5 2. Nf3 Nc6 3. d4 cxd4 4. Nxd4 Nf6 5. Nc3 e5 6. Ndb5 d6 7. Be2 a6 8.
Na3 Be7 ({RR} 8... Be6 9. O-O Be7 10. Be3 Rc8 11. Nc4 Nd4 12. Bxd4 Bxc4 13.
Bxc4 Rxc4 14. Be3 O-O 15. Qf3 Qd7 16. Rfd1 h6 17. Rd3 Qc6 18. Qf5 Qc8 19. Qf3
b5 20. a3 Qc6 21. Rad1 a5 22. Qf5 b4 23. axb4 {Meszaros,A (2325)-Schrancz,I  
(2289) Hungary 2004 0-1 (32)}) ({RR} 8... Be6 9. Be3 b5 10. Nd5 Nxe4 11. Bb6
Qb8 12. Nc7+ Kd7 13. Nxa8 Qxa8 14. O-O Be7 15. c4 b4 16. Nc2 Qb7 17. Be3 Rc8
18. Qd3 Bxc4 19. Qxc4 Nd4 20. Bg4+ f5 21. Bxf5+ Nxf5 22. Qxb4 Qc6 23. Rac1 {
Bangiev,K (1483)-Arlet,B Vecindario ESP 2023 1/2-1/2 (48)}) 9. O-O b5 $146 ({RR
} 9... O-O 10. Be3 Rb8 11. Bf3 b5 12. Nd5 Nxd5 13. Qxd5 Qc7 14. Rfd1 Nd4 15.
Bxd4 Be6 16. Bb6 Rxb6 17. Qd3 b4 18. Nb1 Bg5 19. Nd2 Rc8 20. b3 Qxc2 21. Nf1
Kf8 22. Ne3 Qxd3 23. Rxd3 Bxe3 24. Rxe3 {Polak,E (1868)-Lanka,Z (2422)
Frankfurt 2012 0-1 (43)}) ({RR} 9... O-O 10. Be3 b5 11. Nd5 Nxd5 12. exd5 Nb8
13. Qe1 f5 14. f4 e4 15. Rd1 Bd7 16. Kh1 Be8 17. c3 Bh4 18. g3 Bf6 19. Nc2 Bf7
20. Bc1 Qe8 21. Ne3 g6 22. g4 fxg4 23. Nxg4 Bg7 24. f5 {Pfueller,V (1637)
-Aufmwasser,G (1632) Erfurt 2008 1-0 (36)}) 10. Nab1 Nd4 11. f3 Bb7 12. Be3 Ne6
13. Nd5 Nxd5 14. exd5 Nc5 15. c4 b4 16. Nd2 O-O 17. Ne4 f5 18. Nxc5 dxc5 19. f4
e4 20. a3 a5 21. b3 Qd6 22. Qd2 Bf6 23. Ra2 Bc3 24. Qc1 Ra6 25. Bd2 Bf6 26. Be3
Rfa8 27. a4 Rf8 28. Qe1 Bc3 29. Qf2 Rc8 30. Kh1 Rc7 31. Rg1 Bc8 32. g4 Ra8 33.
Rg3 Bd7 34. Qg1 Rf8 35. gxf5 Bxf5 36. Bg4 Bd4 37. Bxf5 Rxf5 38. Rag2 Bf6 39.
Rg4 g6 40. R2g3 Bg7 41. Kg2 Kf7 42. Kf1 Bh6 43. Qf2 Kg7 44. Qb2+ Kg8 45. Qg2
Kf7 46. Rh3 Kg7 47. Qb2+ Qf6 48. Qxf6+ Rxf6 49. Rhg3 Rcf7 50. Bd2 Bxf4 51. Bxf4
Rxf4+ 52. Rxf4 Rxf4+ 1/2-1/2

[Event "Floripa Chess Open 2024"]
[Site "Florianopolis"]
[Date "2024.01.25"]
[Round "7.152"]
[White "Altenhofen, Guilherme Graneto"]
[Black "Cabral, Vinicius Albuquerqu"]
[Result "1/2-1/2"]
[WhiteElo "1425"]
[BlackElo "1734"]
[PlyCount "98"]
[EventDate "2024.01.20"]
[EventRounds "10"]
[EventCountry "BRA"]

1. e4 c5 2. Nf3 e6 3. d4 cxd4 4. Nxd4 Nc6 5. Nc3 a6 6. a3 Qc7 7. Be2 Bc5 ({RR} 
7... b5 8. Nxc6 Qxc6 9. O-O Bb7 10. Bf3 Qc7 11. e5 Ne7 12. Bf4 Rc8 13. Bxb7
Qxb7 14. Qe2 Rc4 15. Bd2 Ng6 16. a4 Bb4 17. axb5 axb5 18. Qe3 O-O 19. b3 Bxc3
20. bxc4 Bxa1 21. Rxa1 bxc4 22. Qd4 {Socko,B (2559)-Teske,H (2486) Pardubice
2001 1-0 (39)}) ({RR} 7... b5 8. Nxc6 dxc6 9. O-O Bb7 10. f4 Rd8 11. Qe1 c5 12.
Be3 Nf6 13. Bf3 c4 14. Qf2 Nd7 15. e5 Bxf3 16. Qxf3 Bc5 17. Ne4 Bxe3+ 18. Qxe3
O-O 19. Rae1 Nb6 20. Qg3 Kh8 21. Qh4 Nd5 22. Rf3 {Yaran,S (2272)-Martin Duque,
J (2425) chess.com INT 2021 1-0 (96)}) 8. Be3 Nge7 $146 ({RR} 8... d6 9. Qd2
Nge7 10. Nb3 Bxe3 11. Qxe3 O-O 12. Rd1 b5 13. Qg3 e5 14. O-O Bb7 15. Rd2 b4 16.
Nd5 Nxd5 17. exd5 Ne7 18. axb4 Nxd5 19. Rfd1 Nf6 20. Bf3 Rfe8 21. Bxb7 Qxb7 22.
Qe3 d5 23. c3 {Van Wijgerden,C-Kolbak,J Buesum 1971 1/2-1/2 (80)}) ({RR} 8...
d6 9. O-O b5 10. Qd2 Bb7 11. Rad1 Nf6 12. f3 Qb6 13. Rfe1 Nxd4 14. Bxd4 Bxd4+
15. Qxd4 Qxd4+ 16. Rxd4 Ke7 17. a4 bxa4 18. Rxa4 Nd7 19. Rea1 Rhb8 20. Nd1 Nc5
21. R4a3 Bc8 22. c3 Nb3 23. R1a2 {Pavel,S (1897)-Deaconu,M (1686) Sarata
Monteoru 2011 1/2-1/2}) 9. Nxe6 dxe6 10. Bxc5 O-O 11. Qd6 Qxd6 12. Bxd6 Re8 13.
O-O-O b5 14. Rd2 Bb7 15. Rhd1 Rac8 16. Bf3 Ng6 17. e5 Na5 18. Bxb7 Nxb7 19. Ne4
Na5 20. Nc3 Nc4 21. Re2 f6 22. exf6 gxf6 23. b3 Nxd6 24. Rxd6 Rxc3 25. Rdxe6
Rec8 26. Rxf6 R8c6 27. Rxc6 Rxc6 28. g3 Kf7 29. Kd2 Kf6 30. f4 Ne7 31. Re5 Rd6+
32. Kc1 Nc6 33. Rh5 Kg6 34. Rg5+ Kf7 35. Rh5 h6 36. c3 Ne7 37. Re5 Nd5 38. Kc2
Nf6 39. h3 Kg6 40. g4 Nd5 41. Re4 Nb6 42. h4 Nd7 43. Rd4 Rxd4 44. cxd4 Nf6 45.
f5+ Kf7 46. g5 hxg5 47. hxg5 Ne4 48. a4 Nxg5 49. axb5 axb5 1/2-1/2

[Event "Floripa Chess Open 2024"]
[Site "Florianopolis"]
[Date "2024.01.25"]
[Round "7.153"]
[White "De Almeida, Guilherme Pereira"]
[Black "Goncalves, Eduardo Moutinho"]
[Result "1-0"]
[WhiteElo "1731"]
[BlackElo "1414"]
[PlyCount "84"]
[EventDate "2024.01.20"]
[EventRounds "10"]
[EventCountry "BRA"]

1. e4 e5 2. f4 d6 3. Nf3 Nc6 4. Bc4 Nf6 5. d3 a6 ({RR} 5... Bg4 6. O-O Qe7 7.
Nc3 Nd4 8. Be3 Nxf3+ 9. gxf3 Bh3 10. Rf2 O-O-O 11. Kh1 exf4 12. Bxf4 Nh5 13.
Be3 Qe5 14. f4 Qf6 15. Qxh5 Be6 16. Bxe6+ fxe6 17. f5 g6 18. Qh3 Re8 19. fxe6
Qxe6 20. Qg2 {Conquest,S (2530)-Miric,S Paris 2001 1-0 (32)}) ({RR} 5... Bg4 6.
h3 Bd7 7. Ng5 Be6 8. Bxe6 fxe6 9. Nxe6 Qe7 10. f5 Nd8 11. Nxf8 Qxf8 12. Nc3 Nc6
13. Bg5 O-O-O 14. O-O Re8 15. a3 d5 16. Nxd5 Qc5+ 17. Be3 Nd4 18. c3 Nxd5 19.
exd5 Nf3+ 20. Qxf3 {Panakhova,E (1837)-Ignatenko,I Anapa RUS 2023 1-0 (37)}) 6.
Nc3 $146 ({RR} 6. Ng5 d5 7. exd5 Nxd5 8. c3 b5 9. Bb3 Be7 10. Qf3 Be6 11. Nxe6
fxe6 12. Qh5+ g6 13. Qe2 Bd6 14. d4 Nxf4 15. Bxf4 exf4 16. Bxe6 Qe7 17. O-O Nd8
18. Qf3 Rb8 19. Bb3 Kd7 20. Nd2 Re8 {Overmeyer,J (1617)-Niedenzu,G (1502)
Germany 2007 1/2-1/2 (42)}) ({RR} 6. Ng5 Bg4 7. Qd2 Bh5 8. O-O h6 9. Nf3 Be7
10. h3 b5 11. Bd5 Nxd5 12. exd5 Bxf3 13. Rxf3 Nd4 14. Rf1 O-O 15. fxe5 Bg5 16.
Qf2 Bxc1 17. Rxc1 Qg5 18. Nc3 dxe5 19. Ne4 Qf5 20. Qd2 Qd7 {Ramon Solans,A  
(2124)-Escobar Figueroa,S (1770) Catalunya 2008 1/2-1/2 (53)}) 6... Bg4 7. h3
Bxf3 8. Qxf3 Nd4 9. Qf2 b5 10. Bb3 Nxb3 11. axb3 g6 12. O-O exf4 13. Qxf4 Be7
14. Nd5 Nxd5 15. Qxf7+ Kd7 16. exd5 Kc8 17. Re1 Bh4 18. Re4 Kb7 19. Bh6 Bg5 20.
Bg7 Re8 21. Rae1 Rxe4 22. Rxe4 Qg8 23. Qxg8 Rxg8 24. Bd4 Rf8 25. Be3 Bxe3+ 26.
Rxe3 Rf7 27. Rf3 Rxf3 28. gxf3 Kb6 29. d4 c5 30. dxc6 Kxc6 31. Kf2 Kd5 32. Ke3
Ke6 33. c4 h6 34. h4 b4 35. Kf4 Kd7 36. Kg4 Ke6 37. h5 g5 38. f4 gxf4 39. Kxf4
Kf6 40. c5 dxc5 41. dxc5 Ke6 42. c6 Kd6 1-0